Normal view
MARC view
- السرجاني، راغب
Entry Personal Name
001 - CONTROL NUMBER
- control field: 60378
003 - CONTROL NUMBER IDENTIFIER
- control field: JO-AjAnu
005 - DATE AND TIME OF LATEST TRANSACTION
- control field: 20230606083853.0
008 - FIXED-LENGTH DATA ELEMENTS
- fixed length control field: 230606|| aca||aabn | a|a d
040 ## - CATALOGING SOURCE
- Original cataloging agency: JO-AjAnu
- Transcribing agency: JO-AjAnu
100 ## - HEADING--PERSONAL NAME
- Personal name: السرجاني، راغب
670 ## - SOURCE DATA FOUND
- Source citation: Work cat.: (JO-AjAnu)30790: السرجاني، راغب , author, فلسطين..واجبات الامة: 1135 دورا ايجابيا لنصرة فلسطين